<?xml version="1.0" encoding="UTF-8"?>
<record
    xmlns:xsi="http://www.w3.org/2001/XMLSchema-instance"
    xsi:schemaLocation="http://www.loc.gov/MARC21/slim http://www.loc.gov/standards/marcxml/schema/MARC21slim.xsd"
    xmlns="http://www.loc.gov/MARC21/slim">

  <leader>03194cam a2200349 a 4500</leader>
  <controlfield tag="003">EG-GiCUC</controlfield>
  <controlfield tag="005">20250223032550.0</controlfield>
  <controlfield tag="008">200831s2020    ua dh  f m    000 0 eng d</controlfield>
  <datafield tag="040" ind1=" " ind2=" ">
    <subfield code="a">EG-GiCUC</subfield>
    <subfield code="b">eng</subfield>
    <subfield code="c">EG-GiCUC</subfield>
  </datafield>
  <datafield tag="041" ind1="0" ind2=" ">
    <subfield code="a">eng</subfield>
  </datafield>
  <datafield tag="049" ind1=" " ind2=" ">
    <subfield code="a">Deposite </subfield>
  </datafield>
  <datafield tag="097" ind1=" " ind2=" ">
    <subfield code="a">M.Sc </subfield>
  </datafield>
  <datafield tag="099" ind1=" " ind2=" ">
    <subfield code="a">Cai01.12.05.M.Sc.2020.Gh.I</subfield>
  </datafield>
  <datafield tag="100" ind1="0" ind2=" ">
    <subfield code="a">Ghada Mohamed Abdelsalam Ahmed</subfield>
  </datafield>
  <datafield tag="245" ind1="1" ind2="0">
    <subfield code="a">Isolation, identification, biochemical and nanotechnological control of pseudomonas aeruginosa isolated from different patients / </subfield>
    <subfield code="c">Ghada Mohamed Abdelsalam Ahmed ; Supervised Nagwa Abdel Hamed Tharwat , Rasha Hamed Elshreif , Sherif. M. Elnagdy</subfield>
  </datafield>
  <datafield tag="246" ind1="1" ind2="5">
    <subfield code="a">&#x639;&#x632;&#x644; &#x648;&#x62A;&#x639;&#x631;&#x64A;&#x641; &#x648;&#x627;&#x644;&#x645;&#x642;&#x627;&#x648;&#x645;&#x629; &#x627;&#x644;&#x643;&#x64A;&#x645;&#x64A;&#x627;&#x626;&#x64A;&#x647; &#x627;&#x644;&#x62D;&#x64A;&#x648;&#x64A;&#x647; &#x648;&#x627;&#x644;&#x646;&#x627;&#x646;&#x648;&#x62A;&#x643;&#x646;&#x648;&#x644;&#x648;&#x62C;&#x64A;&#x647; &#x644;&#x644;&#x628;&#x633;&#x64A;&#x62F;&#x648;&#x645;&#x648;&#x646;&#x627;&#x633; &#x627;&#x631;&#x64A;&#x62C;&#x646;&#x648;&#x632;&#x627; &#x627;&#x644;&#x645;&#x639;&#x632;&#x648;&#x644;&#x647; &#x645;&#x646; &#x645;&#x62E;&#x62A;&#x644;&#x641; &#x627;&#x644;&#x645;&#x631;&#x636;&#x649;</subfield>
  </datafield>
  <datafield tag="260" ind1=" " ind2=" ">
    <subfield code="a">Cairo : </subfield>
    <subfield code="b">Ghada Mohamed Abdelsalam Ahmed , </subfield>
    <subfield code="c">2020</subfield>
  </datafield>
  <datafield tag="300" ind1=" " ind2=" ">
    <subfield code="a">139 P. : </subfield>
    <subfield code="b">charts , facsimiles ; </subfield>
    <subfield code="c">25cm </subfield>
  </datafield>
  <datafield tag="502" ind1=" " ind2=" ">
    <subfield code="a">Thesis (M.Sc.) - Cairo University - Faculty of Science - Department of Botany - Microbiology</subfield>
  </datafield>
  <datafield tag="520" ind1=" " ind2=" ">
    <subfield code="a">Pseudomonas aeruginosa was the most frightening pathogen that emergence in health facilities with increasing antibiotic resistance. Nanoparticles have reported as non-antibiotic therapeutic agents that are highly effective in the treatment of P. aeruginosa infections.Combination therapy of nanoparticles and antibiotics considered an alternative therapeutic approach for restoring antibiotic activity.To achieve that goal, we used the synthetic nanoparticles in a combination with ciprofloxacin against MDR P.aeruginosa. The Fifty bacterial isolates were collected from different infection sites the majority of samples was pus samples 46%, followed by sputum samples 22%, followed by urine samples 14%, however, blood culture 6%, pleural fluid, ascitic fluid, and Central Venous Line 4% were recorded as lowest infection sites for P.aeruginosa. Fifty bacterial isolates were further confirmed by traditional PCR as P. aeruginosa by detection of algD gene and Exotoxin A genes. Antibiotic sensitivity test of 50 P. aeruginosa strains was assessed by single disk-diffusion method by using 14 different commercial antibiotics discs. The high resistance rate in strains was recorded against ceftazidime (CAZ) 96%, cefotaxime (CTX) 92%, while the resistance rate exceeds 40% for both Ciprofloxacin (CIP) and Levofloxacin (LEV) (48%). On the other hand, Colistin (CT) showed a higher inhibitory effect (100%) against 50 clinical P. aeruginosa strains while Polymyxin (PB) recorded 98% inhibitory effect  against 49 P. aeruginosa strains. Based on antimicrobial susceptibility test, twenty-four MDR P. aeruginosa resistant to ciprofloxacin subsequently was selected for further study</subfield>
  </datafield>
  <datafield tag="530" ind1=" " ind2=" ">
    <subfield code="a">Issued also as CD</subfield>
  </datafield>
  <datafield tag="653" ind1=" " ind2="4">
    <subfield code="a">Ciprofloxacin (CIP)</subfield>
  </datafield>
  <datafield tag="653" ind1=" " ind2="4">
    <subfield code="a">Levofloxacin (LEV) </subfield>
  </datafield>
  <datafield tag="653" ind1=" " ind2="4">
    <subfield code="a">Pseudomonas aeruginosa</subfield>
  </datafield>
  <datafield tag="700" ind1="0" ind2=" ">
    <subfield code="a">Nagwa Abdelhamed Tharwat , </subfield>
    <subfield code="e">Supervisor</subfield>
  </datafield>
  <datafield tag="700" ind1="0" ind2=" ">
    <subfield code="a">Rasha Hamed Elshreif , </subfield>
    <subfield code="e">Supervisor</subfield>
  </datafield>
  <datafield tag="700" ind1="0" ind2=" ">
    <subfield code="a">Sherif. M. Elnagdy , </subfield>
    <subfield code="e">Supervisor</subfield>
  </datafield>
  <datafield tag="856" ind1=" " ind2=" ">
    <subfield code="u">http://172.23.153.220/th.pdf</subfield>
  </datafield>
  <datafield tag="905" ind1=" " ind2=" ">
    <subfield code="a">Nazla</subfield>
    <subfield code="e">Revisor</subfield>
  </datafield>
  <datafield tag="905" ind1=" " ind2=" ">
    <subfield code="a">Shimaa</subfield>
    <subfield code="e">Cataloger</subfield>
  </datafield>
  <datafield tag="942" ind1=" " ind2=" ">
    <subfield code="2">ddc</subfield>
    <subfield code="c">TH</subfield>
  </datafield>
  <datafield tag="999" ind1=" " ind2=" ">
    <subfield code="c">77470</subfield>
    <subfield code="d">77470</subfield>
  </datafield>
  <datafield tag="952" ind1=" " ind2=" ">
    <subfield code="2">ddc</subfield>
    <subfield code="7">0</subfield>
    <subfield code="a">CUCL</subfield>
    <subfield code="b">cl210</subfield>
    <subfield code="d">2024-02-11</subfield>
    <subfield code="o">Cai01.12.05.M.Sc.2020.Gh.I</subfield>
    <subfield code="p">01010110081364000</subfield>
    <subfield code="r">2023-09-22 00:00:00</subfield>
    <subfield code="y">TH</subfield>
  </datafield>
  <datafield tag="952" ind1=" " ind2=" ">
    <subfield code="2">ddc</subfield>
    <subfield code="7">0</subfield>
    <subfield code="a">CUCL</subfield>
    <subfield code="b">cl2u8</subfield>
    <subfield code="d">2024-02-11</subfield>
    <subfield code="o">Cai01.12.05.M.Sc.2020.Gh.I</subfield>
    <subfield code="p">01020110081364000</subfield>
    <subfield code="r">2023-09-22 00:00:00</subfield>
    <subfield code="t">81364.CD     </subfield>
    <subfield code="y">CD</subfield>
  </datafield>
</record>
